Регионална библиотека "Любен Каравелов" - Русе

Электросон (Запис номер 442552)

MARC детайли
000 -Лидер
Контролно поле с фиксирана дължина nam a22 a 4500
003 - Код на организацията, давaща контролен номер
Контролно поле BLK
005 - Дата и час на последна редакция
Контролно поле 20220131121205.0
008 - Елементи от данни с фиксирана дължина
fixed length control field 220131b bu |||||r|||| 00| | bu d
040 ## - Източник на каталожния запис
Идентификатор на билиотеката - собственик на записа BLK
041 ## - Код за език
Код за езика на текст/звукозапис или на отделно заглавие Руски
Код за езика КДБФ Руски
080 ## - УДК
Текстов определител УДК Патология. Клинична медицина
УДК код - определител по УДК 616
УДК - код + определител 616
080 ## - УДК
Текстов определител УДК Обща психиатрия. - Общи въпроси. Психоза и гениалност. Психоза и нравонарушение. Социално-опасни действия на психично болните:нарушение на интелекта, емоционални разстройства
УДК код - определител по УДК 616.89-008.1
УДК - код + определител 616.89-008.1
139 ## - Редно поле
Редна дума Электросон
245 ## - Сведения за заглавието
Заглавие Электросон
Подзаглавни данни Клинико-физиол. исследование
Редно поле (дума) В. А. Гиляровский, Н. М. Ливенцев, Ю. Е. Сегаль, З. А. Кириллова
257 ## - Страна на издаване
Страна на създаване/издаване СССР
260 ## - Област на издателските данни
9 (RLIN) 212287
Място на издаване, разпространение и проч. Москва
Име на издателя, разпространителя и проч. Медгиз
Година на издаване 1953
300 ## - Физическа характеристика
Страници 128 с.
Размери/Мащаб 20 см
380 ## - Жанр
Жанр Медицина
504 ## - Забележка за наличие на библиография и др
Забележка за наличие на библиография и под. Библиогр.: с. 122-126
650 #0 - Допълнително описание по предмет – тема
9 (RLIN) 252458
Основно описание – тема или топоним Психични болести - диагностика и лечение
653 #7 - Ключова дума – ненормативна
9 (RLIN) 194852
Ключова дума психично болни
653 #7 - Ключова дума – ненормативна
9 (RLIN) 194848
Ключова дума психиатрия
700 ## - Други автори (авторска отговорност)
9 (RLIN) 409
Лично име Гиляровский, Василий Алексеевич
Автороска отговорност (Описва отношението между автора и произведението) авт.-состав.
700 ## - Други автори (авторска отговорност)
9 (RLIN) 409
Лично име Ливенцев, Николай Митрофанович
Автороска отговорност (Описва отношението между автора и произведението) авт.-состав.
700 ## - Други автори (авторска отговорност)
9 (RLIN) 409
Лично име Сегаль, Ю. Е.
Автороска отговорност (Описва отношението между автора и произведението) авт.-состав.
700 ## - Други автори (авторска отговорност)
9 (RLIN) 409
Лично име Кириллова, З. А.
Автороска отговорност (Описва отношението между автора и произведението) авт.-состав.
852 ## - Местоположение
Форматна сигнатура Цб 1610
Фондова буква Основен фонд - ползва се само за читалня
999 ## - СИСТЕМНИ КОНТРОЛНИ НОМЕРА
Koha biblionumber 442552
Koha biblioitemnumber 442552
942 ## - АРТИКУЛИ
Вид на библиотечния материал Книги
Скрит в OPAC Не
Периодичен библиозапис Да
944 ## - СЪЗДАВАНЕ И РЕДАКЦИЯ на ЗАПИСА
Създаване/Редакция Създаване
Дата на регистрацията/редакция 2022-01-31
Служител, извършил регистрацията/редакцията ДГ
Наличности
Код за отписване Код за изгубен артикул Източник на класификационната схема Код за повреда Коз за рестрикции Код за отдаване Артикулен № Име на библиотеката - собственик Име на библиотеката, в която се намира в момента Статус (Текущо местоположение) Дата на вписване в системата Местоположение - отдел Цена в лева Инвентарен номер Систематично азбучна сигнатура Баркод Цена в евро Служебен тип на артикула
  Не е изгубен Universal Decimal Classification Не е повреден само за читалня ползва се в читалня 868819 Регионална библиотека "Любен Каравелов" Русе Регионална библиотека "Любен Каравелов" Русе Хранилище 2022-01-31 Основен фонд - ползва се само за читалня 0.28 5384/53 Цб 1610 900000050336 0.14 Книги
Vip Innovations Ltd, Rousse, Bulgaria 2025